Fyzika víry

Bibliographic Details
Main Authors: Tichoplav, Taťjana (Author), Tichoplav, Vitalij (Author)
Other Authors: Grass, Miroslav (Translator)
Format: Book
Language:Czech
Russian
PhysicalDescription:241 s. ilustr. 20 cm
Published: Bratislava Eugenika 2004
ISBN:8089115454
Edition:1. vyd.
Subjects:

MARC

LEADER 00000nam a2200000 a 4500
001 vtls001476891
003 SK-MaSNL
005 20260301122121.0
008 251031s2004 xo a 0 000 cze
015 |a SNBA2005/10-03749 
020 |a 8089115454 
035 |a SNK000432191 
040 |a SNK  |b slo  |c SNK  |e AACR2 
041 1 |a cze  |h rus 
072 7 |a 14  |x Filozofické systémy a hľadiská  |2 konspekt 
080 |a 141.332  |2 1981 
080 |a 001+2-1  |2 1981 
080 |a (0.062)  |2 1981 
080 |a 53:1  |2 1981 
080 |a 2-184.3:53  |x (0.062)  |2 snkbum 
100 1 |a Tichoplav, Taťjana  |4 aut  |9 467223 
240 1 0 |a Fizika very  |l Česky 
245 1 0 |a Fyzika víry  |c Taťjana a Vitalij Tichoplavovi ; [překlad Miroslav Grass] 
250 |a 1. vyd. 
260 |a Bratislava  |b Eugenika  |c 2004 
300 |a 241 s.  |b ilustr.  |c 20 cm 
500 |a Pozn. 
504 |a Bibliogr. s. 223 
650 0 7 |a filozofia fyziky  |2 SNKPH  |9 803 
650 0 7 |a teozofia  |2 SNKPH  |9 2085 
650 0 7 |a veda a viera  |2 SNKPH  |9 4337 
655 7 |a príručky  |2 SNKPH  |9 74364 
655 7 |a populárno-náučné publikácie  |2 SNKPH  |9 70460 
700 1 |a Tichoplav, Vitalij  |4 aut  |9 467224 
700 1 |a Grass, Miroslav  |4 trl  |9 425071 
919 |a 80-89115-45-4 
958 |a NB 
958 |a OP 
958 |a NM 
968 |a Čes  |b RUS  |d 1 
999 |c 731713  |d 733643 
952 |t P60, <03>, [BOOK], {603}, -B-  |a SNK  |b SNK  |y PREZ  |7 0  |p 17A0434372  |o snkSD 73957  |i snkKSP 8182/2004  |0 0  |1 0  |4 0  |d 2004-06-21  |l 0  |r 2025-11-21 00:00:00  |w 2026-02-23 
952 |t P60, <04>, [BOOK], {604}  |a SNK  |b SNK  |y VYP  |7 0  |p 17A0434373  |o snkSD 73957 D1  |i snkKSP 8183/2004  |0 0  |1 0  |4 0  |d 2004-06-21  |l 0  |r 2005-01-02 00:00:00  |w 2026-02-23